Sổ tay từ chuyên môn Việt- Pháp về Văn học

সংরক্ষণ করুন:
গ্রন্থ-পঞ্জীর বিবরন
প্রধান লেখক: Khoa, Văn (Biên soạn)
বিন্যাস: গ্রন্থ
ভাষা:Vietnamese
প্রকাশিত: TPHCM Trường Đại học sư phạm TPHCM 1985
বিষয়গুলি:
ট্যাগগুলো: ট্যাগ যুক্ত করুন
কোনো ট্যাগ নেই, প্রথমজন হিসাবে ট্যাগ করুন!
Thư viện lưu trữ: Trung tâm Học liệu Lê Vũ Hùng, Trường Đại học Đồng Tháp
LEADER 00721pam a22002178a 4500
001 00029785
005 20171026081022.0
008 121121s1985 ||||||viesd
041 0 # |a vie 
082 1 4 |a 803  |b S450T 
100 1 # |a Khoa, Văn  |e Biên soạn 
245 1 0 |a Sổ tay từ chuyên môn Việt- Pháp về Văn học  |c Khoa văn (Biên soạn) 
260 # # |a TPHCM  |b Trường Đại học sư phạm TPHCM  |c 1985 
300 # # |a 51 tr.  |c 31 cm. 
653 # # |a Sổ tay 
653 # # |a Việt- Pháp 
653 # # |a Văn học 
852 # # |b Kho đọc  |j KD.0014192 
852 # # |j KD.0014192 
910 |d 21/11/2012 
980 # # |a Trung tâm Học liệu Lê Vũ Hùng, Trường Đại học Đồng Tháp